| Tag |
First Indicator |
Second Indicator |
Subfields |
| LEADER |
00000cam a2200000 4500 |
| 001 |
in00000236708 |
| 005 |
20151009084440.0 |
| 008 |
720330s1971 paua bs 00110 eng d |
| 010 |
|
|
|a 73157737
|
| 020 |
|
|
|a 0877220069
|
| 035 |
|
|
|a (OCoLC)00286741
|
| 035 |
|
|
|9 ABA0859AM
|
| 040 |
|
|
|a DLC
|c DLC
|d TXA
|d UtOrBLW
|
| 043 |
|
|
|a n-us-pa
|
| 049 |
|
|
|a TXAM
|c [1015488]
|
| 050 |
0 |
0 |
|a HD6515.M616
|b P42
|
| 082 |
0 |
|
|a 331.88/12/209748
|
| 100 |
1 |
|
|a Aurand, Harold W.
|
| 245 |
1 |
0 |
|a From the Molly Maguires to the United Mine Workers ;
|b the social ecology of an industrial union, 1869-1897 /
|c [by] Harold W. Aurand.
|
| 264 |
|
1 |
|a Philadelphia :
|b Temple University Press,
|c [1971]
|
| 300 |
|
|
|a x, 221 pages :
|b illustrations ;
|c 24 cm.
|
| 336 |
|
|
|a text
|b txt
|2 rdacontent
|
| 337 |
|
|
|a unmediated
|b n
|2 rdamedia
|
| 338 |
|
|
|a volume
|b nc
|2 rdacarrier
|
| 504 |
|
|
|a Bibliography: pages 193-214.
|
| 610 |
2 |
0 |
|a United Mine Workers of America
|x History.
|
| 650 |
|
0 |
|a Labor unions
|x Coal miners
|z Pennsylvania
|x History.
|
| 650 |
|
0 |
|a Coal miners
|z Pennsylvania
|x History.
|
| 999 |
|
|
|a MARS
|
| 999 |
f |
f |
|s ebe1f1a8-96bb-3cb3-9d02-a1e0b28e80c4
|i 02f12c5b-eb45-3fbc-a737-8d4e4d43b660
|t 0
|
| 952 |
f |
f |
|p ric
|a Texas A&M University
|b Rellis Campus
|c Joint Library Facility
|d Remote Storage
|t 0
|e HD6515.M616 P42
|h Library of Congress classification
|i unmediated -- volume
|m A14802691838
|
| 998 |
f |
f |
|a HD6515.M616 P42
|t 0
|l Remote Storage
|